Vocal selections from West side story

Main Author: Bernstein, Leonard, 1918-1990
Other Authors: Sondheim, Stephen, 1930-2021
Language: English
Published: Milwaukee : G. Schirmer, c1956, c1957
Physical Description: 32 s. ; 30 cm
Musical Score Musical Score
Saved in:
LEADER 00874ncm a2200253 a 4500
001 000361113
003 CZ BrMZK
005 19980115143423.0
008 980115s1957 xxu f eng d
020 |a 0-7935-1552-1 
040 |a BOA001  |b cze 
080 |a 792.57  |2 MRF 
080 |a 782.8  |2 MRF 
100 1 |a Bernstein, Leonard,  |d 1918-1990  |7 jn20000600836  |4 cmp 
245 1 0 |a Vocal selections from West side story  |h [hudebnina] /  |c music by Leonard Bernstein ; lyrics by Stephen Sondheim. 
246 3 3 |a West Side story 
260 |a Milwaukee :  |b G. Schirmer,  |c c1956, c1957 
300 |a 32 s. ;  |c 30 cm 
653 0 |a muzikály 
700 1 |a Sondheim, Stephen,  |d 1930-2021  |7 ola2002159332  |4 lbt 
910 |a BOA001  |b Mus4-1050.560 
964 |a Muzikály  |x HUD 
990 |a MU 
996 6 |b 2610079603  |c Mus4-1050.560  |l MZK  |r Sklad / do 1 hodiny  |n 34  |p kup  |w 000361113  |u 000010  |a 1  |e BOA001  |j MZK50  |s P